| 000 | 00365nam a22001337a 4500 | ||
|---|---|---|---|
| 999 |
_c27633 _d27633 |
||
| 008 | 250213b ||||| |||| 00| 0 eng d | ||
| 082 | 0 | 0 |
_a920 _bN315 |
| 100 |
_91749 _aNehru, Jawaharlal |
||
| 245 | 1 | 0 |
_aJawaharlal Nehru,an autobiography _cJawaharlal Nehru |
| 260 |
_aLondon: _bBodley Head, _c1953. |
||
| 300 | _a623 p. | ||
| 650 | 0 | _aBiography-J.L.Nehru | |
| 942 | _cBK | ||